Central Library OPAC University of Rajshahi
Normal view MARC view

Entry Personal Name

Number of records used in: 1

001 - CONTROL NUMBER

  • control field: 14452

003 - CONTROL NUMBER IDENTIFIER

  • control field: BD-RjUL

005 - DATE AND TIME OF LATEST TRANSACTION

  • control field: 20241127112706.0

008 - FIXED-LENGTH DATA ELEMENTS

  • fixed length control field: 241127|| aca||aabn | a|a d

040 ## - CATALOGING SOURCE

  • Original cataloging agency: BD-RjUL
  • Transcribing agency: BD-RjUL

100 ## - HEADING--PERSONAL NAME

  • Personal name: Ali, Mohd Riushown, Co-Supervisor

670 ## - SOURCE DATA FOUND

  • Source citation: Work cat.: (BD-RjUL)84378: Hossain, Md. Shakhwat 14449, Separation and Characterization of Sericin from Silkworm (Bombyx Mori L.) cocoon nd Stsfy on its Application /, 2023